| 000 | 00567nam a22001577a 4500 | ||
|---|---|---|---|
| 008 | 100727t xxu||||| |||| 00| 0 eng d | ||
| 020 | _a9953339422 | ||
| 082 |
_222 _a658.406 _bت غ ي |
||
| 245 |
_aإدارة التغيير / _cيورك برس |
||
| 260 |
_aالقاهرة: _bالشركة المصرية العالمية للنشر،2005 _c2005. |
||
| 300 |
_a343ص؛ _c24سم. |
||
| 490 |
_916864 _aسلسلة المميزون الإدارية |
||
| 650 |
_916873 _aإدارة الأعمال _xسلوك |
||
| 650 |
_916879 _aإدارة أفراد |
||
| 942 |
_2ddc _cBB |
||
| 999 |
_c14565 _d14565 |
||